000 00910nam a2200217 a 4500
003 0
005 20250325141048.0
008 060801s19uu xx 00 eng d
050 _aPGS HD 8039.D52.A88
_b.C117 2006
100 _aCabuay, Kevin.
245 _aThe attitudes of homeowners towards household helpers and the proposed magna carta for households helpers /
_cKevin Cabuay.
260 _aLas PiƱas City, Philippines :
_bSouthville International School and Colleges,
_c2006.
300 _a32 pages :
_billustrations ;
_c28 cm.
504 _aIncludes bibliographical references.
650 _aHousehold employees
_vLegal status, laws, etc.
650 _aDomestic workers
_vRights and conditions.
650 _aHomeowners
_vAttitudes toward household helpers.
650 _aLabor laws and legislation
_vDomestic workers.
650 _aSocial conditions of household helpers.
942 _2lcc
_cPASS
999 _c97464
_d97464